Language Quiz

Random Language Quiz

Words That Refuse to Rhyme Quiz Stats

 Plays Quiz not verified by Sporcle

Challenge
Share
Tweet
Embed
Score 0/22 Timer 09:00
0 Plays Today
Hint Answer % Correct
Arrive at your domicileCome Home
87.8%
A hard day in the wine-stopper factoryCork Work
76.7%
Are these my tights or yours?Whose Hose
65.6%
Canine putt-puttWolf Golf
65.6%
Pleasant dispositionGood Mood
65.6%
David Koresh's favorite Mexican restaurantWaco Taco
63.3%
Eddard or BoromirSean Bean
63.3%
Ron Weasley's digitGinger Finger
62.2%
Harry Potter's right, for exampleWand Hand
60%
Unsuccessful rabbit villageBarren Warren
55.6%
Mario's siestaPlumber Slumber
54.4%
Hint Answer % Correct
Terrifying vespid snakeWasp Asp
53.3%
A sickly Jemima, perhapsGaunt Aunt
51.1%
Poorly Drawn PrimateWonkey Monkey
45.6%
Non-Specific ailmentVague Ague
40%
Black pudding, for exampleBlood Food
35.6%
Fancy governing bodyOrnate Senate
34.4%
Authority in charge of nit-pickingLice Police
33.3%
Weather hazard for ArakisWorm Storm
31.1%
Put off essential gardening dutiesWater Later
26.7%
'Black and Blue' 'Coffee-Rubbed' 'Dry-Aged'Steak Speak
15.6%
God Save the Queen, for oneBritain Refrain
11.1%

You're not logged in!

Compare scores with friends on all Sporcle quizzes.
OR
Log In

You Might Also Like...

Show Comments

Extras

Top Quizzes Today


Score Distribution

Your Account Isn't Verified!

In order to create a playlist on Sporcle, you need to verify the email address you used during registration. Go to your Sporcle Settings to finish the process.

Report this User

Report this user for behavior that violates our Community Guidelines.

Details: